=LDR 00000nam 2200000 4500 =001 INLIS000000000031941 =005 20130612133959 =008 ***********************************ind** =035 ##$$0010-061300000031941 =041 ##$$a ind =082 ##$$a 372.7 =090 ##$$a 372.7, Ism e =100 ##$$a Ismadi,Janu =245 ##$$a Ensiklopedia Matematika, pengurangan Dan Penjumlahan, Janu Ismadi;Editor,Diman =260 ##$$a 2006 $b Bandung =300 ##$$a v,26 hlm, Ilus, 29 cm =650 ##$$a Pendidikan Dasar-Matematika =850 ##$$a NBPNMAT